[Event "Hammamet Carthage op 1st"]
[Site "Hammamet"]
[Date "2015.10.07"]
[Round "5"]
[White "Remadi, Zied"]
[Black "Abbas, Hussein Kzar"]
[Result "0-1"]
[WhiteElo "1752"]
[BlackElo "2005"]
[PlyCount "106"]
[EventDate "2015.10.04"]
[EventType "swiss"]
[EventRounds "9"]
[EventCountry "TUN"]
[SourceTitle "CBM 168 Extra"]
[Source "ChessBase"]
[SourceDate "2015.10.29"]
[SourceVersion "1"]
[SourceVersionDate "2015.10.29"]
[SourceQuality "1"]

1. d4 Nf6 2. c4 c5 3. d5 b5 4. cxb5 a6 5. bxa6 g6 6. Nc3 Bg7 7. g3 d6 8. Bg2 0-0 9. Nf3 Nbd7 10. 0-0 Bxa6 11. Qc2 Qc7 12. Bd2 Rfb8 13. Rab1 Nb6 14. Nh4 Nc4 15. Rfe1 Nxd2 16. Qxd2 Nd7 17. Nf3 Rb4 18. b3 Rab8 19. e4 c4 20. Rec1 Nc5 21. Bf1 Qa7 22. Qe3 cxb3 23. axb3 Bxf1 24. Kxf1 Rxb3 25. Ra1 Qb7 26. e5 Ra8 27. Rab1 Rb8 28. Nd4 Qa6+ 29. Kg2 Rxb1 30. Rxb1 Rxb1 31. Nxb1 Bxe5 32. Nc6 Qb7 33. Nd2 Bf6 34. Nc4 Qb3 35. Qxb3 Nxb3 36. Nb6 Nd4 37. Nd7 Nb5 38. Nxf6+ exf6 39. Kf3 Nc3 40. Nb4 Kf8 41. Ke3 f5 42. f4 Ke7 43. Kd3 Ne4 44. Ke3 Kd7 45. g4 Nf6 46. gxf5 Ng4+ 47. Ke4 Nxh2 48. fxg6 fxg6 49. Nc2 Ng4 50. Nd4 Nf6+ 51. Kf3 Nxd5 52. f5 gxf5 53. Nxf5 Nf6 0-1

[Event "IRQ-ch"]
[Site "Baghdad"]
[Date "2015.09.21"]
[Round "10"]
[White "Al Ali, Hussein Ali Hussein"]
[Black "Abbas, Hussein Kzar"]
[Result "1-0"]
[WhiteElo "2218"]
[BlackElo "1892"]
[PlyCount "45"]
[EventDate "2015.09.14"]
[EventType "tourn"]
[EventRounds "11"]
[EventCountry "IRQ"]
[SourceTitle "EXT 2016"]
[Source "ChessBase"]
[SourceDate "2015.10.08"]
[SourceVersion "1"]
[SourceVersionDate "2015.10.08"]
[SourceQuality "1"]

1. Nf3 Nf6 2. d4 g6 3. Nbd2 Bg7 4. e4 d6 5. Bd3 0-0 6. 0-0 c5 7. c3 Nc6 8. d5 Ne5 9. Nxe5 dxe5 10. Nc4 Ne8 11. f4 exf4 12. Bxf4 b5 13. Ne5 c4 14. Be2 Nd6 15. Bf3 g5 16. Bg3 g4 17. Nc6 Qd7 18. Bxg4 Qxg4 19. Qxg4 Bxg4 20. Nxe7+ Kh8 21. Bxd6 Rfe8 22. Rae1 Bf8 23. Rxf7 1-0

[Event "IRQ-ch"]
[Site "Baghdad"]
[Date "2015.09.15"]
[Round "2"]
[White "Abbas, Hussein Kzar"]
[Black "Abdulwahhab, Ahmed Abdulsattar"]
[Result "1/2-1/2"]
[WhiteElo "1892"]
[BlackElo "2289"]
[PlyCount "94"]
[EventDate "2015.09.14"]
[EventType "tourn"]
[EventRounds "11"]
[EventCountry "IRQ"]
[SourceTitle "EXT 2016"]
[Source "ChessBase"]
[SourceDate "2015.10.08"]
[SourceVersion "1"]
[SourceVersionDate "2015.10.08"]
[SourceQuality "1"]

1. d4 d5 2. c4 c6 3. Nf3 Nf6 4. e3 Bf5 5. Nc3 e6 6. Nh4 Bg6 7. Nxg6 hxg6 8. Qb3 Qc7 9. g3 Nbd7 10. Bg2 Be7 11. Bd2 Nb6 12. cxd5 exd5 13. 0-0 Nc4 14. Rad1 Nd6 15. Rfe1 Nde4 16. Re2 Bd6 17. Be1 Qd7 18. f3 Nxc3 19. Qxc3 0-0-0 20. e4 dxe4 21. fxe4 Bc7 22. d5 Bb6+ 23. Bf2 Bxf2+ 24. Rxf2 Kb8 25. Rfd2 cxd5 26. exd5 Qd6 27. Rd4 Rh5 28. Qb4 Re5 29. Qxd6+ Rxd6 30. Rc1 a6 31. Rdc4 Re2 32. Rc7 Re1+ 33. Rxe1 Kxc7 34. Re7+ Rd7 35. d6+ Kxd6 36. Rxd7+ Nxd7 37. Bxb7 Nc5 38. Bc8 a5 39. Bh3 Nd3 40. b3 Nc1 41. Bf1 Nxa2 42. Bc4 f6 43. Kf2 Kc5 44. Bf7 Kb4 45. Bxg6 Nc1 46. Ke1 Nxb3 47. Kd1 Kc3 1/2-1/2